| 000 | 00857cab a2200253 4500 | ||
|---|---|---|---|
| 001 | ABS59956 | ||
| 008 | 090401t1999 xxu||||| |||| 00| 0 eng d | ||
| 035 | _a(Sirsi) u90874 | ||
| 041 | _aeng | ||
| 100 | _aKnutt, E. | ||
| 245 | _aWhat the euro means for construction | ||
| 260 | _c1999 | ||
| 350 | _a0 | ||
| 490 |
_aBuilding _v263(8071) 22 January 1999, 24-25(2) |
||
| 520 | _aConsiders the impact which the euro will have on the UK construction industry, and argues that the effects are likely to be far-reaching, including greater cross-border competition, less currency volatility and more integrated financial markets. | ||
| 650 | _aCONSTRUCTION INDUSTRY | ||
| 650 | _aEURO | ||
| 650 | _aEUROPE | ||
| 650 | _aSINGLE EUROPEAN CURRENCY | ||
| 650 | _aSINGLE MARKET | ||
| 690 | _aEUROPE-SINGLE MARKET | ||
| 942 | _n0 | ||
| 948 | _c22/01/1999 | ||
| 999 |
_c57647 _d57647 |
||